Chakras for starters (Record no. 139766)

MARC details
000 -LEADER
fixed length control field 00551nam a22001817a 4500
005 - DATE AND TIME OF LATEST TRANSACTION
control field 20170512120236.0
010 ## - LCCN (DPL NO)
LC control number ENG-118116
020 ## - INTERNATIONAL STANDARD BOOK NUMBER
International Standard Book Number 9788189430689
Terms of availability 150.00
035 ## - SYSTEM CONTROL NUMBER
System control number EN-101648
037 ## - SOURCE OF ACQUISITION
Source of stock number/acquisition DBAD/PUB
082 ## - DEWEY DECIMAL CLASSIFICATION NUMBER
Classification number 131
100 ## - MAIN ENTRY--PERSONAL NAME
Personal name Simpson, Savitri
245 ## - TITLE STATEMENT
Title Chakras for starters
Remainder of title Unblock the hidden doors to peace and well-being /
Statement of responsibility, etc by Savitri Simpson
260 ## - PUBLICATION, DISTRIBUTION, ETC. (IMPRINT)
Place of publication, distribution, etc Haryana
Name of publisher, distributor, etc Anand Sangha
Date of publication, distribution, etc 2002
270 ## - ADDRESS
Address B-10/8 DLF City Phase-1 Gurgaon-122002
300 ## - PHYSICAL DESCRIPTION
Extent 127p
Dimensions 18cm.(pbk)
942 ## - ADDED ENTRY ELEMENTS (KOHA)
Source of classification or shelving scheme Dewey Decimal Classification
Item type English Books
Classification part 131
Call number suffix SIM
Holdings
Withdrawn status Lost status Not for loan Collection code Home library Current library Date acquired Source of acquisition Cost, normal purchase price Full call number Barcode Copy number Cost, replacement price Koha item type
    Not For Loan Non-fiction D.B.Act.Division Bawana 12/05/2017 DBAD/PUB 150.00 131 SIM EN-101648 1 150.00 English Books

© Delhi Public Library
Hit Counter
free hit counter